Movies Quiz

Random Movies or Box Office Quiz

Biggest Opening Weekend Per Year (US) Quiz Stats

Quiz not verified by Sporcle

Also try: Nora Ephron Movies
Challenge
Share
Tweet
Embed
Score 0/25 Timer 08:00
0 Plays Today
Question Answer Wrong Answers
1993 Jurassic Park
93.3%
The Fugitive
2.2%
Mrs. Doubtfire
0%
Sleepless in Seattle
4.4%
1999 Star Wars: Episode I - the Phantom Menace
82.2%
The Sixth Sense
6.7%
South Park: Bigger, Longer, and Uncut
2.2%
The World is Not Enough
2.2%
1996 Independence Day
75.6%
Mission: Impossible
4.4%
The Hunchback of Notre Dame
11.1%
Twister
4.4%
2001 Harry Potter and the Sorcerers' Stone
75.6%
The Mummy Returns
6.7%
Monsters, Inc.
4.4%
Pearl Harbor
4.4%
2006 Pirates of the Caribbean: Dead Man's Chest
75.6%
X-Men: The Last Stand
4.4%
The Da Vinci Code
4.4%
Cars
4.4%
2011 Harry Potter and the Deathly Hallows Part 2
75.6%
The Twilight Saga: Breaking Dawn Part 1
6.7%
Transformers: Dark of the Moon
2.2%
Pirates of the Caribbean: On Stranger Tides
4.4%
2005 Star Wars: Episode III - Revenge of the Sith
73.3%
War of the Worlds
2.2%
Harry Potter and the Goblet of Fire
8.9%
The Chronicles of Narnia: The Lion, the Witch, and the Wardrobe
4.4%
2015 Star Wars: The Force Awakens
68.9%
Jurassic World
13.3%
Avengers: Age of Ultron
0%
Furious 7
6.7%
2008 The Dark Knight
68.9%
Iron Man
13.3%
Indiana Jones and the Kingdom of the Crystal Skull
6.7%
Quantum of Solace
0%
1995 Batman Forever
60%
GoldenEye
6.7%
Toy Story
24.4%
Apollo 13
6.7%
2007 Spider-Man 3
60%
Harry Potter and the Order of the Phoenix
20%
I Am Legend
0%
Shrek the Third
8.9%
2012 The Avengers
60%
The Dark Knight Rises
20%
The Hunger Games
0%
The Hobbit: An Unexpected Journey
8.9%
2013 Iron Man 3
55.6%
The Hunger Games: Catching Fire
17.8%
Man of Steel
8.9%
Fast and Furious 6
6.7%
2002 Spider-Man
42.2%
The Lord of the Rings: The Two Towers
22.2%
Star Wars: Episode II - Attack of the Clones
24.4%
Austin Powers in Goldmember
0%
2004 Shrek 2
40%
Harry Potter and the Prisoner of Azkaban
17.8%
The Passion of the Christ
0%
Spider-Man 2
31.1%
1997 The Lost World: Jurassic Park
40%
Titanic
51.1%
Batman and Robin
4.4%
Air Force One
0%
2000 Mission Impossible II
40%
How the Grinch Stole Christmas
17.8%
X-Men
31.1%
Scary Movie
2.2%
2016 Captain America: Civil War
37.8%
Batman v Superman: Dawn of Justice
11.1%
Rogue One: A Star Wars Story
40%
Zootopia
0%
2014 The Hunger Games: Mockingjay - Part 1
35.6%
Transformers: Age of Extinction
17.8%
Guardians of the Galaxy
13.3%
Captain America: The Winter Soldier
22.2%
2017 Star Wars: The Last Jedi
24.4%
Beauty and the Beast
42.2%
It
4.4%
Wonder Woman
17.8%
2003 The Matrix Reloaded
24.4%
Finding Nemo
4.4%
The Lord of the Rings: The Return of the King
53.3%
X2: X-Men United
6.7%
1998 Godzilla
20%
Deep Impact
2.2%
Armageddon
42.2%
Saving Private Ryan
28.9%
2010 Iron Man 2
17.8%
Harry Potter and the Deathly Hallows Part 1
33.3%
Alice in Wonderland
2.2%
Toy Story 3
35.6%
1994 Interview with the Vampire
17.8%
The Lion King
66.7%
The Mask
6.7%
True Lies
8.9%
2009 The Twilight Saga: New Moon
11.1%
Avatar
28.9%
Transformers: Revenge of the Fallen
31.1%
Harry Potter and the Half-Blood Prince
17.8%

You're not logged in!

Compare scores with friends on all Sporcle quizzes.
Sign Up with Email
OR
Log In

You Might Also Like...

Show Comments

Extras

Top Quizzes Today


Score Distribution

Your Account Isn't Verified!

In order to create a playlist on Sporcle, you need to verify the email address you used during registration. Go to your Sporcle Settings to finish the process.

Report this User

Report this user for behavior that violates our Community Guidelines.

Details: